000 01008 a2200217 4500
001 45431
005 20260407155726.0
008 260407a1969 arg spa d
003 AR-UNSa-BCEJYS
040 _aAR-UNSa-BCEJYS
_bspa
_cAR-UNSa-BCEJYS
080 _a512
_xAlgebra
245 1 0 _aAlgebra universitaria
264 1 _aMéxico :
_bCECSA (Compañia Editorial Continental)
_c1969
300 _a412 p.
_c23 cm.
505 _a1. Conceptos fundamentales de álgebra - 2. El sistema de los números reales - 3. Expresiones algebraicas - 4. Ecuaciones y desigualdades - 5. Funciones y graficas - 6. Funciones exponenciales y logaritmicas - 7. Sistema de ecuaciones y desigualdades - 8. Números complejos - 9. Polinomios - 10. Elementos de geometría analítica - 11. Sucesiones - 12. Permutaciones, combinaciones y el teorema del binomio
041 _aspa
942 _cBK
590 _aniveau_biblio:m niveau_hierar:0
100 1 _aNadal de Filloy, María de la Victoría
700 1 _aSwokowski, Earl W.
999 _c3922
_d3922